| 000 | 00736nam a2200217Ia 4500 | ||
|---|---|---|---|
| 999 |
_c55506 _d55506 |
||
| 001 | 22588 | ||
| 003 | GE_BSU | ||
| 005 | 20230331115836.0 | ||
| 008 | 181216s2010||||-ge|||||||||||||| ||ger|| | ||
| 020 | _a9783192016998 | ||
| 040 | _cGE_BSU | ||
| 041 | _agre | ||
| 080 | _a811.112.1 T-38 | ||
| 245 | _aTestDaF : Musterprufung 5 : Test Deutsch als Fremdsprache : Musterprufung 5 : herausgegeben vom TestDaF-Institut. | ||
| 264 |
_aBodingen : _bHueber Verlag, _c2010. |
||
| 300 |
_a80 p. : _bill ; _c29 cm. _e+1CD-Rom Musterprufung 5 |
||
| 541 | _h54gel. | ||
| 653 | _aTestDaF Test Deutsch als Fremdsprache : Musterprufung 5 : herausgegeben vom TestDaF-Institut | ||
| 653 | _aგერმანული ენა | ||
| 942 |
_cBK _2udc |
||